00366 a2200145 4500003000400000005001700004008004100021020001800062040000900080082001800089100002400107245004700131260003300178300000900211OSt20231109112939.0231109b |||||||| |||| 00| 0 eng d a9789392455162 coclc a954.83bMAN/A aMangad, Abdurahiman aAikyasangham rekhagal /cAbdurahman Mangad aKerala:bGrace Books,c2022. a295p